Odezírání jako schopnost /

Hlavní autor: Strnadová, Věra, 1953-
Jazyk: Čeština
Vydáno: Praha : Česká komora tlumočníků znakového jazyka, c2008
Vydání: Vyd. 1.
Témata:
Fyzický popis: 71 s. : il. ; 21 cm
Knihy
Uloženo v:
LEADER 01654nam a2200433 a 4500
001 nkc20081790837
003 CZ PrNK
005 20080522090154.0
007 ta
008 080208s2008 xr a e f 000 0 cze
015 |a cnb001790837 
020 |a 978-80-87153-27-7  |q (brož.) :  |c neprodejné 
035 |a (OCoLC)228780633 
040 |a BOA001  |b cze  |d ABA001 
072 7 |a 316.4/.7  |x Sociální interakce. Sociální komunikace  |2 Konspekt  |9 18 
080 |a 316.344.6-056.263  |2 MRF 
080 |a 316.772.2  |2 MRF 
080 |a (048.8)  |2 MRF 
080 |a (035)  |2 MRF 
100 1 |a Strnadová, Věra,  |d 1953-  |7 jn99240001141  |4 aut 
245 1 0 |a Odezírání jako schopnost /  |c Věra Strnadová 
250 |a Vyd. 1. 
260 |a Praha :  |b Česká komora tlumočníků znakového jazyka,  |c c2008 
300 |a 71 s. :  |b il. ;  |c 21 cm 
500 |a Vydáno v rámci projektu Vyškolení lektorů a vytvoření výukových materiálů pro tlumočníky znakového jazyka, transliterátory znakované češtiny a vizualizátory mluvené češtiny 
504 |a Obsahuje bibliografii 
650 0 7 |a osoby se sluchovým postižením  |7 ph116187  |2 czenas 
650 0 7 |a nonverbální komunikace  |7 ph115459  |2 czenas 
650 0 9 |a hearing impaired  |2 eczenas 
650 0 9 |a nonverbal communication  |2 eczenas 
655 7 |a studie  |7 fd133597  |2 czenas 
655 7 |a příručky  |7 fd133209  |2 czenas 
655 9 |a studies  |2 eczenas 
655 9 |a handbooks and manuals  |2 eczenas 
910 2 |a BOA001  |b 2-1200.424 
990 |a BK 
995 |a 01 
991 |b 200803  |c NOV 
996 6 |b 2610335732  |c 2-1200.424  |l MZK  |r Sklad / do 1 hodiny  |n 11  |p p.v.  |w 000887352  |u 000010  |a 1  |e BOA001  |j MZK50  |s P